000 00469nam a2200169Ia 4500
003 GCL
008 140319s9999 xx 000 0 ara d
040 _aGCL /
_cGCL
082 0 4 _aم
_b413.4
_bر س
245 1 0 _aالسبيل الوسيط: معجم عربى فرنسى
300 _a802 ص
490 _aتنابلة الصبيان
_v0
650 0 4 _aاللغة الفرنسية
650 0 4 _aاللغة العربية
650 0 4 _aالمعاجم
942 _2ddc
_cREF
999 _c59608
_d59608